Fortune Global 30 Quiz Stats

 Plays Quiz Updated Apr 5, 2019

Score 0/30 Timer 08:00
0 Plays Today
Revenue ($ billions) Company % Correct
378Walmart Stores
66.3%
182General Motors
58.7%
172Ford Motor
54.9%
372Exxon Mobil
52.1%
176General Electric
47%
230Toyota Motor
43.5%
291BP
43.4%
355Royal Dutch Shell
41.3%
119Bank of America Corp.
26.3%
210Chevron
24.3%
118AT&T
23.8%
159Citigroup
16.1%
149Volkswagen
14.4%
118Berkshire Hathaway
11.2%
177Daimler
9.7%
Revenue ($ billions) Company % Correct
146HSBC Holdings
9.7%
201ING Group
6.9%
178ConocoPhillips
5.6%
187Total
5.5%
122Deutsche Bank
4.3%
162AXA
2.3%
140BNP Paribas
2.3%
159Sinopec
2.3%
140Allianz
2%
164Fortis
1.4%
120ENI
1.4%
129China National Petroleum
1%
138Crédit Agricole
1%
132State Grid
0.8%
147Dexia Group
0.7%

You're not logged in!

Compare scores with friends on all Sporcle quizzes.
OR
Log In

Sporcle TV

Today on Sporcle TV


Watch our educational content, quiz creation guides, and fun videos on Sporcle TV.

Show Comments

Extras

Top Quizzes Today


Score Distribution

Your Account Isn't Verified!

In order to create a playlist on Sporcle, you need to verify the email address you used during registration. Go to your Sporcle Settings to finish the process.

Report this User

Report this user for behavior that violates our Community Guidelines.

Details: